Revista do programa de direito da Uniô Europeia Vol 7

Detalles Bibliográficos
Autor principal: Wojcikiewicz Almeida, Paula
Formato: eBook
Lenguaje:portugués
Publicado: Rio de Janeiro: FGV - Direito Rio, 2016
Colección:Programa de Direito da Uniô Europeia
Materias:
Acceso en línea:Acceso restringido

MARC

LEADER 00000nam a22000007a 4500
005 20170604220035.0
007 cr|||| ||||
008 170604s2016 br |||||s|||| 00||0 por d
020 |a 978-85-63265-74-6 
035 |a 20322 
040 |a vLex 
090 |c 6742  |d 6742 
100 1 |a Wojcikiewicz Almeida, Paula 
245 1 0 |a Revista do programa de direito da Uniô Europeia  |h [Recurso electrn̤ico] /  |c Paula Wojcikiewicz Almeida  |n Vol 7 
256 |a Servicio en ln̕ea 
260 |a Rio de Janeiro:  |b FGV - Direito Rio,  |c 2016 
300 |a 1 recurso electrn̤ico (146 p.) 
490 0 |a Programa de Direito da Uniô Europeia 
500 |a Ct̀edra Jean Monnet da FGV Direito Rio. 
506 1 |a Disponible solo en los productos indicados  |d vLex Global  |d vLex Global (Academic Edition, excluding Law Schools)  |d vLex Global (U.S. Academic Edition, Law Schools)  |d vLex Global (U.S. Academic Edition, excluding Law Schools)  |d vLex Global (Academic Edition, Law Schools) 
650 0 4 |a Derecho Comunitario  |z Brasil 
740 0 |a vLex Libros (Servicio en ln̕ea) 
856 4 0 |u http://vlex.com/source/revista-programa-direito-uni-o-europeia-20322  |z Acceso restringido 
942 |c BOOK 
999 0 |a Community Law